=LDR 00000nam 2200000 4500 =001 INLIS000000000011060 =005 20130612102650 =008 ***********************************Ind** =035 ##$$0010-061300000011060 =041 ##$$a Ind =082 ##$$a 347.07 =090 ##$$a 347.07, Gau s =100 ##$$a Gautama, Sudargo =245 ##$$a Tentang putusan banding dalam perkara pertamina lawan kantika, Prof Mr. Dr. Sudaryo Gautama =260 ##$$a Citra Aditya Bakti $b Bandung =300 ##$$a VIII-180 hlm, 21 cm., 1995 =850 ##$$a NBPNMAT